01225nam a2200313Ia 4500001001200000003000800012006001900020007001500039008004100054020001800095020001500113040002100128035002000149050002700169082001400196245012400210260003900334300002200373504005100395533015200446650005000598650003100648655002900679700002000708700002300728710001700751856012600768999001700894ebr10053286CaPaEBRm u cr cn|||||||||040624s2002 maua gsb 001 0 eng d z9780306468896 z0306468891 aCaPaEBRcCaPaEBR a(OCoLC)7074878914aTP248.14b.E545 2002eb04a660.622100aEngineering and manufacturing for biotechnologyh[electronic resource] /cedited by Marcel Hofman and Philippe Thonart. aBoston :bKluwer Academic,cc2002. av, 490 p. :bill. aIncludes bibliographical references and index. aElectronic reproduction.bPalo Alto, Calif. :cebrary,d2009.nAvailable via World Wide Web.nAccess may be limited to ebrary affiliated libraries. 0aBiotechnological process controlvCongresses. 0aBiotechnologyvCongresses. 7aElectronic books.2local1 aHofman, Marcel.1 aThonart, Philippe.2 aebrary, Inc.40uhttp://site.ebrary.com/lib/rucke/Doc?id=10053286zAn electronic book accessible through the World Wide Web; click to view c66169d66169